Basic cost engineering / (Record no. 3824)
[ view plain ]
| 000 -LEADER | |
|---|---|
| fixed length control field | 00993nac a22002531u 4500 |
| 010 ## - LIBRARY OF CONGRESS CONTROL NUMBER | |
| LC control number | 95034362 |
| 020 ## - INTERNATIONAL STANDARD BOOK NUMBER | |
| International Standard Book Number | 0824796705 (alk. paper) |
| 082 00 - DEWEY DECIMAL CLASSIFICATION NUMBER | |
| Classification number | 658.155 |
| Item number | H9271 |
| 090 ## - LOCALLY ASSIGNED LC-TYPE CALL NUMBER (OCLC); LOCAL CALL NUMBER (OCLC) | |
| -- | 3824 |
| -- | 3824 |
| 100 ## - MAIN ENTRY--PERSONAL NAME | |
| Personal name | Humphreys, Kenneth Kin |
| 245 10 - TITLE STATEMENT | |
| Title | Basic cost engineering / |
| Statement of responsibility, etc | Kenneth K. Humphreys, Paul Wellman. |
| 250 ## - EDITION STATEMENT | |
| Edition statement | 3rd ed., rev. and expanded. |
| 260 ## - PUBLICATION, DISTRIBUTION, ETC. (IMPRINT) | |
| Place of publication, distribution, etc | New York : |
| Name of publisher, distributor, etc | M. Dekker,1996 |
| Date of publication, distribution, etc | c1996. |
| 300 ## - PHYSICAL DESCRIPTION | |
| Extent | xiii, 337 p. : |
| Other physical details | ill. ; |
| Dimensions | 24 cm. |
| 490 1# - Series Statement | |
| Series statement | Cost engineering ; |
| Volume/sequential designation | 25 |
| 504 ## - BIBLIOGRAPHY, ETC. NOTE | |
| Bibliography, etc | Includes bibliographical references (p. 319-329) and index. |
| 650 #0 - SUBJECT ADDED ENTRY--TOPICAL TERM | |
| Topical term or geographic name as entry element | Engineering economy. |
| 650 #0 - SUBJECT ADDED ENTRY--TOPICAL TERM | |
| Topical term or geographic name as entry element | Costs, Industrial. |
| 700 1# - ADDED ENTRY--PERSONAL NAME | |
| Personal name | Wellman, Paul. |
| 830 #0 - SERIES ADDED ENTRY--UNIFORM TITLE | |
| Uniform title | Cost engineering (Marcel Dekker, Inc.) ; |
| 856 42 - ELECTRONIC LOCATION AND ACCESS | |
| Materials specified | Publisher description |
| Uniform Resource Identifier | <a href="http://www.loc.gov/catdir/enhancements/fy0647/95034362-d.html">http://www.loc.gov/catdir/enhancements/fy0647/95034362-d.html</a> |
| 942 ## - ADDED ENTRY ELEMENTS (KOHA) | |
| Item type | Book - Borrowing |
| Call number prefix | 658.155H9271 |
| Withdrawn status | Item status | Source of classification or shelving scheme | Damaged status | Not for loan | Home library | Current library | Shelving location | Date acquired | Source of acquisition | Total Checkouts | Full call number | Barcode | Date last seen | Date last borrowed | Koha item type |
|---|---|---|---|---|---|---|---|---|---|---|---|---|---|---|---|
| Dewey Decimal Classification | Central Library | Central Library | First floor | 08/07/2007 | Purchase | 2 | 658.155 HUM | 000030424 | 15/07/2025 | 06/02/2023 | Book - Borrowing |